000
00322nam a2200145Ia 4500
100
_a
Belt/ F.H.
650
_a
Electrical Engineering
942
_c
BK
654
_a
television
245
_a
Easy guide to colour TV
260
_b
Husard W. Sams
_a
New York
_c
1974
082
_a
621.38
300
_a
144
546
_a
ENGLISH
999
_c
18111
_d
18111